000 01390nam a2200253Ia 4500
005 20260211164358.0
008 210716s2018 xx 000 0 und d
020 _a9788126576104
040 _cAIMIT LIBRARY
041 _aeng
082 _a006.3
_21
_bMUEJ
100 _aMueller, John Paul.
_9246788
245 _aArtificial intellgence :
_bfor dummies /
_cBy John Paul Mueller and Luca Massaron.
250 _a1st ed.
260 _aNew Delhi :
_bWiley India Pvt Ltd ,
_c2018.
300 _axiii,311p. ;
_bPB
_c24 cm
500 _aThe term "Artificial Intelligence" has been around since the 1950s, but a lot has changed since then. Today, AI is referenced in the news, books, movies, and tv shows, and the exact definition is often misinterpreted. Artificial Intelligence For Dummies provides a clear introduction to AI, and how it is being used today. This book will give an overview of the technology, and address common misconceptions regarding Artificial Intelligence.
505 _aAbout the Author John Mueller is a freelance author and technical editor. He is the author of Machine Learning for Dummies and Algorithms for Dummies
650 _aWorking with software- based AI applications
_9246789
650 _aConsidering the future of AI
_9246790
650 _aThe part of tens
_9246791
700 _aMassaron, Luca.
_9246792
942 _2ddc
_cBK
_e1st
_k006.3 MUEJ
999 _c197219
_d197219